Digital imaging of artefacts : developments in methods and aims /

This title features the proceedings from a workshop held at Wolfson College, Oxford in 2017. In light of rapid technological developments in digital imaging, this volume will inform specialist and general readers about some of the ways in which imaging technologies are transforming the study and pre...

وصف كامل

محفوظ في:

مؤلفون آخرون: Kelley, Kate (المحرر), Wood, Rachel K. L. (المحرر)

التنسيق: كتاب الكتروني

اللغة: English

منشور في: Summertown, Oxford : Archaeopress Publishing Ltd, 2018.

سلاسل: Access archaeology.

الموضوعات:

الوصول للمادة أونلاين: Login to view Source

الوسوم: إضافة وسم

لا توجد وسوم, كن أول من يضع وسما على هذه التسجيلة!

رقم الطلب: CC79.I44

LEADER 01946nam a2200409 i 4500
001 EDZ0002020239
003 StDuBDS
005 20230412182348.0
006 m|||||o||d||||||||
007 cr |||||||||||
008 181015s2018 enka fo 100|0|eng|d
020 |a 9781789690262 (ebook) :  |c No price 
040 |a StDuBDS  |b eng  |c StDuBDS  |e rda  |e pn 
050 4 |a CC79.I44 
082 0 4 |a 930.10285  |2 23 
245 0 0 |a Digital imaging of artefacts :  |b developments in methods and aims /  |c edited by Kate Kelley and Rachel K.L. Wood. 
264 1 |a Summertown, Oxford :  |b Archaeopress Publishing Ltd,  |c 2018. 
300 |a 1 online resource (190 pages) :  |b illustrations (black and white, and colour). 
336 |a text  |2 rdacontent 
336 |a still image  |2 rdacontent 
337 |a computer  |2 rdamedia 
338 |a online resource  |2 rdacarrier 
490 1 |a Access archaeology 
500 |a Previously issued in print: 2018. 
500 |a Selected conference papers. 
520 8 |a This title features the proceedings from a workshop held at Wolfson College, Oxford in 2017. In light of rapid technological developments in digital imaging, this volume will inform specialist and general readers about some of the ways in which imaging technologies are transforming the study and presentation of archaeological and cultural artefacts. 
521 |a Specialized. 
588 |a Description based on online resource; title from home page (viewed on February 28, 2019). 
650 0 |a Imaging systems in archaeology  |v Congresses. 
700 1 |a Kelley, Kate,  |e editor. 
700 1 |a Wood, Rachel K. L.,  |e editor. 
776 0 8 |i Print version :  |z 9781789690255 
830 0 |a Access archaeology. 
856 4 0 |3 Archaeopress  |u http://library.arce.org:8087/Archaeopress/Products/9781789690255 
942 |2 lcc  |c EBOOK 
952 |0 0  |1 0  |4 0  |6 CC0079 I44  |7 1  |9 46469  |a ARCH  |b ARCH  |d 2023-04-12  |l 0  |o CC79.I44  |r 2023-04-12 00:00:00  |w 2023-04-12  |y EBOOK 
999 |c 52127  |d 52127